000 00815cam a2200265 a 4500
999 _c129399
_d129399
001 2338095
003 ARRUPE
005 20190423124643.0
008 830912s1981 nyu b 001 0 eng
010 _a 82140721
020 _a0937716081
040 _aDLC
_cDLC
_dDLC
050 0 0 _aBT75.2
_b.N28 1981
082 0 0 _a230/.2
_219
100 1 _aNavone, John J.
_945819
245 1 0 _aTellers of the Word /
_cJohn Navone and Thomas Cooper.
250 _a1st ed.
260 _aNew York :
_bLe Jacq Pub.,
_cc1981.
300 _axxv, 341 p. ;
_c25 cm.
500 _aIncludes indexes.
504 _aBibliography: p. 309-326.
650 0 _aStorytelling
_xReligious aspects
_xChristianity.
_91743
700 1 _aCooper, Thomas,
_d1946-
_945820
906 _a7
_bcbc
_corignew
_d3
_encip
_f19
_gy-gencatlg
942 _2lcc
_cMONOGRAPH